| 000 | 01391cam a22004094i 4500 | ||
|---|---|---|---|
| 003 | PE-LiUPU | ||
| 005 | 20250731173217.0 | ||
| 008 | 150625s r 000 0 d | ||
| 035 | _a(Sirsi) a33182 | ||
| 040 |
_aPE-LiUPU _bspa _cPE-LiUPU _erda |
||
| 082 | 0 | 4 |
_a227.63 _bC26 _221 |
| 100 | 1 |
_aCarrillo, Salvador, _eautor. |
|
| 245 | 1 | 0 |
_aPablo Apostol de Cristo : _bA los tesalonicenses, a los corintios / _cSalvador Carrillo Alday. |
| 264 | 1 |
_aBogotá : _bCentro carismático "El minuto de Dios", _c1983 |
|
| 300 |
_a293 páginas, _c23 centímetros |
||
| 336 |
_atext _2rdacontent |
||
| 337 |
_aunmediated _2rdamedia |
||
| 338 |
_avolume _2rdacarrier |
||
| 526 | _aSEG42 | ||
| 526 | _aSEG41 | ||
| 526 | _aSEG40 | ||
| 526 | _aSEG39 | ||
| 526 | _aP94 | ||
| 526 | _aP87 | ||
| 526 | _aP86 | ||
| 526 | _aP85 | ||
| 526 | _aP77 | ||
| 526 | _aP76 | ||
| 526 | _aP35 | ||
| 630 |
_aBiblia _pTesalonicenses _vComentarios. |
||
| 630 |
_aBiblia _pCorintios _vComentarios. |
||
| 942 |
_2ddc _cBOOK |
||
| 949 |
_a227.63 C26 _wDEWEY _c1 _i37246 _lCCODEBUL1 _mBUL _p00.00 _r0 _sY _tBOOK _u2015-06-25 _xBIBLIOTECA _zUNKNOWN _0COMPRA _o.STAFF. Colección General |
||
| 596 | _a1 | ||
| 999 |
_a227.63 C26 _wDEWEY _c40913 _i37246 _d40913 _f2022-6-6 _g4 _lCCODEBUL1 _mBUL _q1 _r0 _sY _tBOOK _u2015-6-25 _xTEOLOGIA _zUNKNOWN _0COMPRA _o.STAFF. Colección General |
||
| 980 |
_81 _gALBERTO SANCHEZ Responsable de Automatización |
||